00830nam a22001937a 4500999001900000005001700019010001500036020003100051035001400082037001300096082001200109245010200121260004400223270007700267300009600344700002200440942002600462952014800488 c178482d17848220210331173522.0 aENG-129364 a978-93-5388-427-7c1295.00 aEN-112896 bDBAD/PUB a370.954 aTribal Development in India: Challenges and prospects in tribal education/cEdited by R. R. Patil aNew DelhibSage Publication Indiac2020 aB1/1-1 Mohan Cooperative Industrial Area Mathura RoadbNew Delhie110044 axv+332p.c22cm(hbk)bIncluding illustrations, tables, bibliographical references and index. aPatil, R. R., Ed. 2ddccENh370.954mTRI 001040708NFICaBNbBNd2021-03-31eDBAD/PUBg1295.00l1o370.954 TRIpEN-112896r2024-05-03 00:00:00s2024-05-02t1v1295.00w2021-03-31yEN